000 00599nam a2200229Ia 4500
003 OSt
005 20220928130609.0
006 a|||||r|||| 00| 0
007 ta
008 220927b |||||||| |||| 00| 0 eng d
024 _a63770
037 _cTextual
040 _aSDCL
_cSDCL
_beng
041 _2eng
_aeng
082 _aO152,3N405x, P5
100 _aKaaliya Mamta
245 0 _aMamta Kaaliya ki kahaniya
260 _aNew Delhi
_bVani Prakashan
_c2005
300 _axxi.,394p
_ccm.
942 _hO152,3N405x, P5
_cTEXL
_2CC
999 _c787505
_d787505